| 000 | 01069nam a2200325 i 4500 | ||
|---|---|---|---|
| 001 | 768714001 | ||
| 003 | CO-MdFUSB | ||
| 005 | 20220706154611.0 | ||
| 007 | ta | ||
| 008 | 220304t2013 ck a|||| |||| 00| 0 spa d | ||
| 020 | _a9789588088549 | ||
| 040 |
_aCO-MdFUSB _bspa _cCO-MdFUSB _dCO-MdFUSBC _erda |
||
| 041 | _aspa | ||
| 082 |
_223 _a289 _bM214 |
||
| 110 | _aPersonería de Bogotá, D.C., | ||
| 245 | 1 |
_aMahatma Gandhi : _b"no hay camino para la paz, la paz es el camino" _c/ Personería de Bogotá ; dirigido por Ricardo María Cañón Prieto |
|
| 264 | 0 |
_aBogotá, Colombia : _bSubdirección Imprenta Distrital, _c[2013] |
|
| 300 |
_a32 páginas _c; 22 cm |
||
| 336 |
_2rdacontent _atexto _btxt |
||
| 337 |
_2rdamedia _asin mediación _bn |
||
| 338 |
_2rdacarrier _avolumen _bnc |
||
| 490 | _aDerechos y deberes, Individuo y sociedad. | ||
| 563 | _aRústico | ||
| 600 | 0 | _aGandhi, Mahatma. | |
| 650 | 7 |
_9409 _aBiografía |
|
| 653 | _aIndia -- Historia. | ||
| 700 |
_96317 _aCañón Prieto, Ricardo María, _edirector |
||
| 942 | _cBK | ||
| 945 | _aJTF-925 | ||
| 999 |
_c67357 _d67357 |
||